[Event "Tradewise Gibraltar ChallWk2"]
[Site "Gibraltar"]
[Date "2018.01.30"]
[Round "4.11"]
[White "Janiszewski, Maciej"]
[Black "Lochte, Thomas"]
[Result "0-1"]
[WhiteElo "2029"]
[BlackElo "2169"]
[PlyCount "120"]
[EventDate "2018.01.27"]
[EventType "swiss"]
[EventRounds "5"]
[EventCountry "GGB"]

1. e4 e5 2. Nf3 Nc6 3. Bc4 Nf6 4. Ng5 d5 5. exd5 Nd4 6. c3 b5 7. Bf1 Nxd5 8.
cxd4 Qxg5 9. Bxb5+ Kd8 10. O-O Nf4 11. Qf3 Rb8 12. dxe5 Bg4 13. Qe3 Rxb5 14. d4
Bh3 15. g3 Bxf1 16. Kxf1 Ne6 17. Qxg5+ Nxg5 18. Nc3 Rb7 19. Bxg5+ Be7 20. Bxe7+
Kxe7 21. b3 Rd8 22. Rd1 f6 23. exf6+ Kxf6 24. Ke2 Rb4 25. Ke3 g5 26. f3 h5 27.
h3 Kg6 28. Rd3 a5 29. Na4 Re8+ 30. Kd2 Re7 31. Nc5 Rb8 32. a3 Rbe8 33. Ne4 g4
34. hxg4 hxg4 35. Nc3 Rh7 36. Nd5 Rh2+ 37. Kc3 Re1 38. Nf4+ Kf5 39. fxg4+ Ke4
40. Kc4 Rc2+ 41. Kb5 Rf1 42. Kxa5 Rxf4 43. Rd1 Rxg4 44. b4 Rg5+ 45. b5 c6 46.
a4 cxb5 47. axb5 Ra2+ 48. Kb4 Rb2+ 49. Kc4 Rgxb5 50. d5 R2b4+ 51. Kc3 Rb1 52.
Rd4+ Ke5 53. Rh4 Rc5+ 54. Kd2 Rxd5+ 55. Ke2 Kf6 56. Kf3 Rd3+ 57. Kg2 Rd2+ 58.
Kf3 Rb3+ 59. Ke4 Rb4+ 60. Ke3 Rxh4 0-1

[Event "Tradewise Gibraltar ChallWk2"]
[Site "Gibraltar"]
[Date "2018.01.30"]
[Round "4.12"]
[White "Pavlov, Egor"]
[Black "Sandhya, Goli"]
[Result "1-0"]
[WhiteElo "2165"]
[BlackElo "1934"]
[PlyCount "55"]
[EventDate "2018.01.27"]
[EventType "swiss"]
[EventRounds "5"]
[EventCountry "GGB"]

1. d4 Nf6 2. c4 e6 3. Nc3 Bb4 4. e3 O-O 5. Nge2 d5 6. a3 Be7 7. cxd5 exd5 8.
Nf4 c6 9. Bd3 Re8 10. O-O Bf8 11. b4 a6 12. Rb1 b6 13. Bc2 Bb7 14. Kh1 Nbd7 15.
f3 a5 16. e4 dxe4 17. fxe4 axb4 18. axb4 Ba6 19. Re1 Bc4 20. e5 Nd5 21. Ncxd5
cxd5 22. Re3 g6 23. Rg3 Bg7 24. Nh5 Qe7 25. Nxg7 Kxg7 26. Qh5 Rh8 27. Bh6+ Kg8
28. Bxg6 1-0

[Event "Tradewise Gibraltar ChallWk2"]
[Site "Gibraltar"]
[Date "2018.01.30"]
[Round "4.13"]
[White "Kozarcanin, Sead"]
[Black "Vanheirzeele, Daniel"]
[Result "1/2-1/2"]
[WhiteElo "2048"]
[BlackElo "2147"]
[PlyCount "82"]
[EventDate "2018.01.27"]
[EventType "swiss"]
[EventRounds "5"]
[EventCountry "GGB"]

1. b3 d5 2. Bb2 Bg4 3. h3 Bh5 4. g4 Bg6 5. Bg2 c6 6. Nf3 Nd7 7. d3 e6 8. Nbd2
h5 9. e3 hxg4 10. hxg4 Rxh1+ 11. Bxh1 Qc7 12. Qe2 Ngf6 13. g5 Ng8 14. O-O-O Bh5
15. Rg1 a5 16. Nb1 a4 17. Qd2 axb3 18. axb3 g6 19. Qc3 Bxf3 20. Bxf3 Qh2 21.
Qe1 Qh4 22. Rg4 Qh2 23. Qg1 Qxg1+ 24. Rxg1 Bd6 25. Be2 Be5 26. Bxe5 Nxe5 27. f4
Nd7 28. Rh1 e5 29. Bg4 exf4 30. exf4 Ne7 31. Rh8+ Nf8 32. Kb2 Nf5 33. Bxf5 gxf5
34. Nd2 O-O-O 35. Nf3 Ng6 36. Rh7 Rf8 37. Nd4 Nxf4 38. Nxf5 Kd7 39. Nh4 Ke8 40.
Nf5 Kd7 41. Nh4 Ke6 1/2-1/2

[Event "Tradewise Gibraltar ChallWk2"]
[Site "Gibraltar"]
[Date "2018.01.30"]
[Round "4.14"]
[White "Ranaivoharisoa, Alain"]
[Black "Havik, Victor"]
[Result "0-1"]
[WhiteElo "2142"]
[BlackElo "2063"]
[PlyCount "58"]
[EventDate "2018.01.27"]
[EventType "swiss"]
[EventRounds "5"]
[EventCountry "GGB"]

1. e4 e5 2. Nf3 Nc6 3. Bc4 Bc5 4. O-O Nf6 5. d3 O-O 6. c3 d5 7. exd5 Nxd5 8. b4
Be7 9. b5 Na5 10. Bxd5 Qxd5 11. c4 Qd8 12. Bd2 b6 13. Bxa5 bxa5 14. Nc3 Bb7 15.
Qe2 Re8 16. Rfd1 f5 17. Rac1 Bd6 18. Nd2 Qh4 19. Nf1 Re6 20. Nd5 Rg6 21. Qf3
Kh8 22. g3 Rf8 23. c5 Qd4 24. cxd6 Bxd5 25. dxc7 Bxf3 26. c8=Q Rgf6 27. Rd2 Qg4
28. Rc7 Qh3 29. Ne3 Qxh2+ 0-1

[Event "Tradewise Gibraltar ChallWk2"]
[Site "Gibraltar"]
[Date "2018.01.30"]
[Round "4.15"]
[White "Garcia Lopez, Juan Antonio"]
[Black "Herzwurm, Robert"]
[Result "1/2-1/2"]
[WhiteElo "1959"]
[BlackElo "2123"]
[PlyCount "30"]
[EventDate "2018.01.27"]
[EventType "swiss"]
[EventRounds "5"]
[EventCountry "GGB"]

1. Nf3 d5 2. c4 c6 3. b3 Nf6 4. Bb2 e6 5. e3 Nbd7 6. Be2 Bd6 7. d4 Ne4 8. O-O
O-O 9. Nbd2 f5 10. Ne5 g5 11. f3 Nxd2 12. Qxd2 Qf6 13. Qc3 Qe7 14. a3 a5 15.
Nxd7 Bxd7 1/2-1/2

[Event "Tradewise Gibraltar ChallWk2"]
[Site "Gibraltar"]
[Date "2018.01.30"]
[Round "4.16"]
[White "Valentine, Brian J"]
[Black "Allor, Chukwuka"]
[Result "0-1"]
[WhiteElo "1920"]
[BlackElo "2099"]
[PlyCount "22"]
[EventDate "2018.01.27"]
[EventType "swiss"]
[EventRounds "5"]
[EventCountry "GGB"]

1. e4 c5 2. Nf3 e6 3. d4 cxd4 4. Nxd4 Nc6 5. Nc3 Qc7 6. Be3 a6 7. Be2 Nf6 8. g4
Bb4 9. Qd2 Nxe4 10. Qd3 Nxc3 11. Nxc6 Qxc6 0-1

[Event "Tradewise Gibraltar ChallWk2"]
[Site "Gibraltar"]
[Date "2018.01.30"]
[Round "4.17"]
[White "Kvisla, Johannes Luangtep"]
[Black "Mulligan, Stephen"]
[Result "1-0"]
[WhiteElo "2234"]
[BlackElo "2051"]
[PlyCount "73"]
[EventDate "2018.01.27"]
[EventType "swiss"]
[EventRounds "5"]
[EventCountry "GGB"]

1. d4 Nf6 2. c4 e6 3. Nc3 d5 4. cxd5 exd5 5. Bg5 Be7 6. e3 O-O 7. Bd3 c6 8. Qc2
Nbd7 9. Nge2 Re8 10. O-O Nf8 11. f3 g6 12. Rad1 Ne6 13. Bh4 Nh5 14. Bf2 Bd6 15.
g4 Nf6 16. h4 Ng7 17. Kg2 Nxg4 18. fxg4 Bxg4 19. e4 Qd7 20. e5 Bc7 21. Ng3 Ne6
22. Be3 Bd8 23. Be2 Ng7 24. Bxg4 Qxg4 25. Rf4 Qd7 26. Rdf1 Re7 27. h5 Ne6 28.
Rf6 Bb6 29. Qf2 Rf8 30. Nce2 Ree8 31. Bh6 Ng7 32. hxg6 hxg6 33. Bxg7 Kxg7 34.
Qf4 Re6 35. Nf5+ Kg8 36. Qh6 gxf5 37. Qg5+ 1-0

[Event "Tradewise Gibraltar ChallWk2"]
[Site "Gibraltar"]
[Date "2018.01.30"]
[Round "4.18"]
[White "Jordan Martinez, Miguel"]
[Black "Maric, Boris"]
[Result "1-0"]
[WhiteElo "2201"]
[BlackElo "2034"]
[PlyCount "55"]
[EventDate "2018.01.27"]
[EventType "swiss"]
[EventRounds "5"]
[EventCountry "GGB"]

1. e4 c5 2. Nf3 d6 3. d4 cxd4 4. Qxd4 Nc6 5. Bb5 Bd7 6. Bxc6 Bxc6 7. Nc3 Nf6 8.
Bg5 e6 9. O-O-O Be7 10. Qd3 h6 11. Be3 e5 12. h3 Qa5 13. g4 g5 14. h4 Nxg4 15.
hxg5 O-O-O 16. gxh6 f5 17. Qc4 Kb8 18. Nd5 Bb5 19. Qb3 Bf8 20. Nc3 Bc6 21. h7
f4 22. Qg8 Bd7 23. Rd5 Qc7 24. Qxh8 Bh6 25. Qg8 Qc8 26. Bxa7+ Kxa7 27. Qg6 Be8
28. Qxh6 1-0

[Event "Tradewise Gibraltar ChallWk2"]
[Site "Gibraltar"]
[Date "2018.01.30"]
[Round "4.19"]
[White "Van Zyl-Rudd, Jack"]
[Black "Diaz Mino, Pablo"]
[Result "1-0"]
[WhiteElo "2197"]
[BlackElo "2050"]
[PlyCount "87"]
[EventDate "2018.01.27"]
[EventType "swiss"]
[EventRounds "5"]
[EventCountry "GGB"]

1. d4 d5 2. c4 e6 3. Nc3 Nf6 4. Nf3 Be7 5. cxd5 exd5 6. Bg5 c6 7. e3 Nbd7 8.
Bd3 h6 9. Bh4 Nh5 10. Bxe7 Qxe7 11. O-O O-O 12. Qc2 Nhf6 13. Rae1 Nb6 14. Ne5
Nfd7 15. f4 Nxe5 16. fxe5 Be6 17. Qf2 Rae8 18. Bb1 f6 19. exf6 Rxf6 20. Qc2 g6
21. Rxf6 Qxf6 22. Qxg6+ Qxg6 23. Bxg6 Bf7 24. Bxf7+ Kxf7 25. b3 Nc8 26. Kf1 Nd6
27. Ke2 Ne4 28. Nxe4 Rxe4 29. Rf1+ Kg7 30. Rf4 Re7 31. Kd3 Rd7 32. b4 b6 33. a4
a6 34. Rf5 Rd6 35. g3 Rd7 36. h4 a5 37. bxa5 bxa5 38. e4 Rb7 39. exd5 Rb3+ 40.
Kc2 Rb4 41. dxc6 Rxd4 42. Rc5 Rd8 43. c7 Rc8 44. Kd3 1-0

[Event "Tradewise Gibraltar ChallWk2"]
[Site "Gibraltar"]
[Date "2018.01.30"]
[Round "4.20"]
[White "Burke, Mitchell R"]
[Black "Makka, Ioulia"]
[Result "0-1"]
[WhiteElo "1989"]
[BlackElo "2167"]
[PlyCount "116"]
[EventDate "2018.01.27"]
[EventType "swiss"]
[EventRounds "5"]
[EventCountry "GGB"]

1. f4 d5 2. Nf3 g6 3. g3 Bg7 4. Bg2 c5 5. O-O Nc6 6. d3 Nf6 7. c3 O-O 8. Na3
Rb8 9. Ne5 Nxe5 10. fxe5 Nd7 11. d4 cxd4 12. cxd4 Nb6 13. Bf4 Be6 14. Rc1 a6
15. Nc2 Na4 16. Nb4 Nxb2 17. Qb3 Nc4 18. Nxd5 Na5 19. Qf3 Bxd5 20. Qxd5 Qxd5
21. Bxd5 Rbd8 22. Bf3 Rxd4 23. Rc7 e6 24. Be3 Rc4 25. Rc1 Rxc1+ 26. Rxc1 b5 27.
a4 Nc4 28. Bd4 Nxe5 29. Bxe5 Bxe5 30. axb5 axb5 31. Rb1 Rb8 32. Be4 b4 33. Rb3
Bc3 34. Bd3 Ra8 35. Kg2 Kg7 36. Kf3 f5 37. h3 Kf6 38. Rb1 e5 39. Bc4 Ra3 40.
Bb3 e4+ 41. Kg2 Ke5 42. e3 g5 43. Kf2 f4 44. gxf4+ gxf4 45. exf4+ Kxf4 46. Ke2
Ra1 47. Rxa1 Bxa1 48. Bc4 Bc3 49. Bb3 e3 50. Bd5 Bd2 51. Bg8 h5 52. Bd5 Kg3 53.
Be6 h4 54. Kf1 Kh2 55. Bf5 b3 56. Be6 b2 57. Bf5 Kg3 58. Ke2 Kg2 0-1

[Event "Tradewise Gibraltar ChallWk2"]
[Site "Gibraltar"]
[Date "2018.01.30"]
[Round "4.21"]
[White "Tuerk, Philipp"]
[Black "Mayank, Pal"]
[Result "1-0"]
[WhiteElo "2150"]
[BlackElo "1834"]
[PlyCount "77"]
[EventDate "2018.01.27"]
[EventType "swiss"]
[EventRounds "5"]
[EventCountry "GGB"]

1. e4 c6 2. d4 d5 3. e5 Bf5 4. h4 h5 5. Bg5 Qb6 6. Bd3 Bxd3 7. Qxd3 Qxb2 8. Nf3
e6 9. O-O Qb5 10. Qe3 Nd7 11. Nbd2 Ne7 12. Rfb1 Qa6 13. Qb3 Qb6 14. Qd3 Qa6 15.
Qxa6 bxa6 16. c4 Ng6 17. Rb7 f6 18. Be3 Kd8 19. cxd5 cxd5 20. Rc1 Rc8 21. Rxc8+
Kxc8 22. Rxa7 fxe5 23. dxe5 Ngxe5 24. Rxa6 Nxf3+ 25. Nxf3 e5 26. Re6 e4 27. Ne5
Bb4 28. Ra6 Nb8 29. Ra7 Re8 30. Bf4 Re7 31. Ra8 Re6 32. Rxb8+ Kxb8 33. Nc6+ Kc8
34. Nxb4 d4 35. Kf1 Rb6 36. Bd2 Kd7 37. a4 Kd6 38. a5 Rb8 39. Bf4+ 1-0

[Event "Tradewise Gibraltar ChallWk2"]
[Site "Gibraltar"]
[Date "2018.01.30"]
[Round "4.22"]
[White "Cramling Bellon, Anna"]
[Black "Gueler, Sebastian"]
[Result "1-0"]
[WhiteElo "1978"]
[BlackElo "2120"]
[PlyCount "131"]
[EventDate "2018.01.27"]
[EventType "swiss"]
[EventRounds "5"]
[EventCountry "GGB"]

1. d4 d5 2. c4 e6 3. Nc3 Nf6 4. cxd5 exd5 5. Bg5 c6 6. e3 Be7 7. Bd3 Nbd7 8.
Qc2 h6 9. Bh4 Nh5 10. Bxe7 Qxe7 11. Nge2 Nb6 12. O-O O-O 13. Rae1 Bd7 14. Nc1
Rae8 15. Qd1 Qg5 16. f4 Qh4 17. f5 Nf6 18. Rf4 Qg5 19. Qf3 Nh5 20. Rg4 Qd8 21.
Qh3 Nf6 22. Rg3 Kh8 23. Rf1 Nc8 24. Rf4 Nh7 25. Rfg4 Rg8 26. N1e2 Nd6 27. Rh4
Nxf5 28. Bxf5 Bxf5 29. Qxf5 Qxh4 30. Qxf7 Re7 31. Nf4 Nf8 32. Qxf8 Qxg3 33.
Qxg8+ Kxg8 34. hxg3 Rxe3 35. Kf2 Re8 36. Nd3 Kf7 37. Ne5+ Ke6 38. b4 Rf8+ 39.
Ke3 Rf1 40. Nd3 b6 41. Ke2 Rf8 42. b5 Rc8 43. bxc6 Rxc6 44. Nf4+ Kf5 45. Nfxd5
Kg4 46. Kf2 Rc8 47. Ne3+ Kg5 48. Ne4+ Kg6 49. Ke2 Rc1 50. Kd2 Ra1 51. Nc3 Kf6
52. Kd3 Rc1 53. Ned5+ Ke6 54. Nf4+ Kf5 55. Nfe2 Rf1 56. Ke3 a6 57. Nd5 Ra1 58.
Nec3 b5 59. Nb4 Rg1 60. Nxa6 Rxg2 61. Kf3 Rc2 62. Nxb5 Rxa2 63. Nc5 h5 64. Nd6+
Kf6 65. Nde4+ Kf5 66. Nd6+ 1-0

[Event "Tradewise Gibraltar ChallWk2"]
[Site "Gibraltar"]
[Date "2018.01.30"]
[Round "4.23"]
[White "Chibnall, Alana"]
[Black "Sanchez Carrasco, Fco. Javier"]
[Result "0-1"]
[WhiteElo "1906"]
[BlackElo "2068"]
[PlyCount "78"]
[EventDate "2018.01.27"]
[EventType "swiss"]
[EventRounds "5"]
[EventCountry "GGB"]

1. e4 d6 2. Nf3 Nf6 3. Nc3 e5 4. d4 Nbd7 5. Bc4 Be7 6. O-O O-O 7. h3 c6 8. Be3
b5 9. Bd3 Bb7 10. a3 a6 11. Re1 Qc7 12. g3 c5 13. d5 c4 14. Bf1 Rfc8 15. Nh4
Nc5 16. Nf5 Bf8 17. Bg2 Re8 18. f4 Ncd7 19. Qf3 g6 20. Nh4 exf4 21. Qxf4 Bg7
22. Rf1 Ne5 23. Ne2 a5 24. g4 b4 25. g5 Nh5 26. Qf2 c3 27. b3 Ba6 28. Rfe1 Bxe2
29. Rxe2 a4 30. Bb6 Qe7 31. Qe3 axb3 32. cxb3 Rxa3 33. Rxa3 bxa3 34. Qxc3 Qxg5
35. Bf2 Nf4 36. Ra2 Ned3 37. Qc6 Rd8 38. Bb6 Nxh3+ 39. Kf1 Qxh4 0-1

[Event "Tradewise Gibraltar ChallWk2"]
[Site "Gibraltar"]
[Date "2018.01.30"]
[Round "4.24"]
[White "Dasaolu, Rotimi"]
[Black "Muskat, Gunter"]
[Result "1-0"]
[WhiteElo "2064"]
[BlackElo "2013"]
[PlyCount "111"]
[EventDate "2018.01.27"]
[EventType "swiss"]
[EventRounds "5"]
[EventCountry "GGB"]

1. e4 c5 2. Nf3 e6 3. d3 Nc6 4. g3 g6 5. Bg2 Bg7 6. O-O Nge7 7. c3 O-O 8. Qe2
d6 9. Rd1 e5 10. Na3 Bg4 11. h3 Be6 12. Nc2 Qd7 13. Ng5 Rac8 14. Be3 h6 15.
Nxe6 fxe6 16. h4 Qc7 17. Qg4 Nd8 18. Rac1 Qb6 19. b4 Qa6 20. bxc5 dxc5 21. Qe2
Kh7 22. Ne1 b6 23. Bh3 Rc6 24. Qc2 Ng8 25. Qb3 Nf6 26. a4 Ne8 27. Nc2 Rd6 28.
Bf1 Qb7 29. Na3 Qf7 30. a5 g5 31. hxg5 hxg5 32. Nc4 Rc6 33. axb6 axb6 34. Nxb6
g4 35. Nc4 Rc7 36. Ra1 Qh5 37. Ra8 Nf7 38. Qb6 Re7 39. Qxc5 Bf6 40. Bg2 Ng5 41.
Bxg5 Bxg5 42. Ra7 Qf7 43. Rxe7 Bxe7 44. Qe3 Bg5 45. Qxg5 Qxf2+ 46. Kh2 Rg8 47.
Qe3 Qc2 48. Qd2 Qa4 49. Nxe5 Nf6 50. d4 Rg7 51. Rf1 Ne8 52. Qf4 Kg8 53. Nxg4
Qd7 54. e5 Kh8 55. Be4 Qb5 56. Qf8+ 1-0

[Event "Tradewise Gibraltar ChallWk2"]
[Site "Gibraltar"]
[Date "2018.01.30"]
[Round "4.25"]
[White "Odeh, Kenneth"]
[Black "Guthrie, David"]
[Result "0-1"]
[WhiteElo "1922"]
[BlackElo "2181"]
[PlyCount "58"]
[EventDate "2018.01.27"]
[EventType "swiss"]
[EventRounds "5"]
[EventCountry "GGB"]

1. e4 c5 2. Nc3 Nc6 3. g3 g6 4. Bg2 Bg7 5. d3 d6 6. Be3 Rb8 7. Qd2 b5 8. Nge2
b4 9. Nd1 h5 10. h3 Bd7 11. f4 Qc8 12. d4 cxd4 13. Nxd4 a5 14. f5 Ne5 15. fxg6
fxg6 16. b3 Nf6 17. Rc1 O-O 18. Bh6 Qc5 19. Be3 Qc8 20. Bh6 Kh7 21. Bxg7 Kxg7
22. c4 bxc3 23. Nxc3 Qa6 24. Bf1 Qb6 25. Be2 Rbc8 26. Qe3 Qb4 27. g4 Nxe4 28.
a3 Rxc3 29. axb4 Rxe3 0-1

[Event "Tradewise Gibraltar ChallWk2"]
[Site "Gibraltar"]
[Date "2018.01.30"]
[Round "4.26"]
[White "Adewole, Adeyinka"]
[Black "Pabalan, Rocky"]
[Result "1-0"]
[WhiteElo "2001"]
[BlackElo "2098"]
[PlyCount "137"]
[EventDate "2018.01.27"]
[EventType "swiss"]
[EventRounds "5"]
[EventCountry "GGB"]

1. d4 Nf6 2. g3 e6 3. Bg2 d5 4. e3 Bd6 5. f4 b6 6. Nd2 Bb7 7. c4 Nbd7 8. Ngf3
dxc4 9. Nxc4 Bd5 10. Nxd6+ cxd6 11. O-O Qc7 12. Bd2 a5 13. Rc1 Qb7 14. Qc2 Ke7
15. Qc7 Qa6 16. Qc2 Rac8 17. Qb1 Be4 18. Qa1 Qd3 19. Rf2 Qb5 20. h3 Qd5 21. Rc3
Rxc3 22. Bxc3 Rc8 23. a3 h6 24. Qf1 g5 25. g4 Rg8 26. fxg5 hxg5 27. Nd2 Bxg2
28. Qxg2 Qxg2+ 29. Kxg2 Nd5 30. e4 Nf4+ 31. Kg3 e5 32. Rh2 Rh8 33. Nf3 f6 34.
h4 gxh4+ 35. Nxh4 Kd8 36. Nf5 Rxh2 37. Kxh2 Kc7 38. Kg3 Kc6 39. Kh4 d5 40. dxe5
fxe5 41. Ne7+ Kd6 42. Nxd5 Nxd5 43. exd5 Nf6 44. g5 Nxd5 45. g6 Ke6 46. Kg5 a4
47. Kh6 Nf6 48. g7 Ng8+ 49. Kh7 Nf6+ 50. Kh8 b5 51. g8=Q+ Nxg8 52. Kxg8 Kd5 53.
Kf7 Kc4 54. Bxe5 b4 55. Bd6 bxa3 56. Bxa3 Kb5 57. Ke6 Kc6 58. Ke5 Kb5 59. Kd5
Ka5 60. Kc5 Ka6 61. Kb4 Kb6 62. Kxa4 Ka6 63. Bc5 Kb7 64. Kb5 Ka8 65. b4 Kb7 66.
Bf8 Kb8 67. Kc6 Ka7 68. b5 Kb8 69. b6 1-0

[Event "Tradewise Gibraltar ChallWk2"]
[Site "Gibraltar"]
[Date "2018.01.30"]
[Round "4.27"]
[White "Ungureanu, Sandu"]
[Black "Rueda-Kjeldsen, Juan Carlos"]
[Result "0-1"]
[WhiteElo "2033"]
[BlackElo "1988"]
[PlyCount "96"]
[EventDate "2018.01.27"]
[EventType "swiss"]
[EventRounds "5"]
[EventCountry "GGB"]

1. g3 Nc6 2. Bg2 b6 3. c4 Bb7 4. d4 e6 5. e4 Bb4+ 6. Bd2 Qe7 7. Ne2 Bxd2+ 8.
Qxd2 h5 9. h4 f6 10. Nbc3 g5 11. b3 O-O-O 12. d5 exd5 13. exd5 Ne5 14. d6 cxd6
15. Bxb7+ Kxb7 16. Qd5+ Kb8 17. Nb5 Nf7 18. Rd1 Re8 19. Rd2 Ngh6 20. hxg5 Ng4
21. Nxd6 Qxd6 22. Qxd6+ Nxd6 23. Rxd6 fxg5 24. Rxd7 Rhf8 25. f4 gxf4 26. gxf4
Rxf4 27. Rd8+ Rxd8 28. Nxf4 Re8+ 29. Kd2 Rf8 30. Nxh5 Rf2+ 31. Kc3 Rxa2 32. Rg1
Nf2 33. Rg7 Ne4+ 34. Kd4 Nc5 35. Rg8+ Kc7 36. b4 Ne6+ 37. Kd5 Re2 38. Rh8 Kb7
39. Nf6 Nc7+ 40. Kd4 Rd2+ 41. Kc3 Rd6 42. Ne4 Rd7 43. Rh6 Ne8 44. c5 Rc7 45.
Re6 Rc8 46. Rxe8 Rxe8 47. Nd6+ Kc6 48. Nxe8 bxc5 0-1

[Event "Tradewise Gibraltar ChallWk2"]
[Site "Gibraltar"]
[Date "2018.01.30"]
[Round "4.28"]
[White "Yu, Henry"]
[Black "Weeramantry, Sunil"]
[Result "1-0"]
[WhiteElo "1947"]
[BlackElo "2029"]
[PlyCount "107"]
[EventDate "2018.01.27"]
[EventType "swiss"]
[EventRounds "5"]
[EventCountry "GGB"]

1. Nf3 g6 2. g3 Bg7 3. Bg2 d6 4. d4 Nf6 5. O-O O-O 6. c4 Nc6 7. b3 Nd7 8. Bb2
e5 9. e4 h6 10. Na3 a5 11. Nc2 a4 12. b4 a3 13. Bc3 Nb6 14. d5 Ne7 15. Qe2 f5
16. exf5 Na4 17. Bd2 Bxf5 18. Ne3 e4 19. Nxf5 gxf5 20. Nh4 Qe8 21. Rac1 Kh7 22.
g4 Bf6 23. Nxf5 Nxf5 24. gxf5 Rg8 25. Kh1 Qe5 26. Qh5 Bg5 27. Bxg5 Rxg5 28.
Qf7+ Kh8 29. Qe6 Qxf5 30. Bxe4 Qxe6 31. dxe6 Re5 32. Bxb7 Rb8 33. Bc6 Nb2 34.
Bd7 Nd3 35. Rc3 Nf4 36. Re3 Nxe6 37. Rxe5 dxe5 38. Bxe6 Rxb4 39. Rc1 Kg7 40. c5
Kf6 41. Bb3 Rf4 42. Kg2 Rg4+ 43. Kf3 Kg5 44. Rc4 Rg1 45. Ra4 Rc1 46. h4+ Kf5
47. Rc4 Rh1 48. Kg3 Rg1+ 49. Kf3 Rh1 50. c6 Rh3+ 51. Kg2 Rd3 52. Bc2 e4 53.
Bxd3 exd3 54. Rd4 1-0

[Event "Tradewise Gibraltar ChallWk2"]
[Site "Gibraltar"]
[Date "2018.01.30"]
[Round "4.29"]
[White "Livesey, R Nigel"]
[Black "Hamer, Martyn"]
[Result "1/2-1/2"]
[WhiteElo "1750"]
[BlackElo "2020"]
[PlyCount "132"]
[EventDate "2018.01.27"]
[EventType "swiss"]
[EventRounds "5"]
[EventCountry "GGB"]

1. c4 b6 2. Nf3 Bb7 3. g3 e6 4. Bg2 f5 5. d3 Nf6 6. Nc3 Be7 7. a3 O-O 8. O-O
Qe8 9. e3 Nc6 10. Nd4 Nd8 11. Ncb5 Bd6 12. Nxd6 cxd6 13. Bxb7 Nxb7 14. b4 Nd8
15. Bb2 Nc6 16. Nb3 e5 17. Qe2 Qg6 18. f4 Rae8 19. Qd2 h5 20. Rae1 h4 21. Qg2
Nh5 22. Kf2 hxg3+ 23. hxg3 Nf6 24. Kg1 Ng4 25. Bc1 Rf6 26. Re2 Qh5 27. e4 g6
28. b5 Nd8 29. exf5 gxf5 30. Rfe1 Kg7 31. Nd4 Rh8 32. Nf3 Rfh6 33. fxe5 Qh1+
34. Qxh1 Rxh1+ 35. Kg2 Rxe1 36. Rxe1 dxe5 37. Nxe5 Re8 38. Nf3 Rxe1 39. Nxe1
Kf6 40. Nf3 Ne6 41. Bb2+ Ke7 42. Nd4 Nxd4 43. Bxd4 d6 44. Kf3 Ke6 45. a4 Ne5+
46. Ke3 Nd7 47. a5 Kf7 48. axb6 axb6 49. Kf3 Ke7 50. Kf4 Ke6 51. Ke3 Ke7 52.
Kf4 Ke6 53. Kf3 Ke7 54. g4 fxg4+ 55. Kxg4 Ke6 56. Kf4 Ke7 57. Ke4 Ke6 58. Be3
Nf6+ 59. Kd4 Nd7 60. Bg5 Nc5 61. Bh4 Na4 62. Bd8 Kd7 63. Bh4 Ke6 64. Bg3 Nc5
65. Bh4 Na4 66. Ke4 Nc5+ 1/2-1/2

[Event "Tradewise Gibraltar ChallWk2"]
[Site "Gibraltar"]
[Date "2018.01.30"]
[Round "4.30"]
[White "Bryant, Richard B E"]
[Black "Gostelow, David W"]
[Result "1-0"]
[WhiteElo "2016"]
[BlackElo "1945"]
[PlyCount "44"]
[EventDate "2018.01.27"]
[EventType "swiss"]
[EventRounds "5"]
[EventCountry "GGB"]

1. e4 c5 2. Nc3 e6 3. g3 d5 4. Bg2 d4 5. Nce2 Nc6 6. d3 Be7 7. f4 Nh6 8. Nf3 f6
9. h3 Qc7 10. g4 Nf7 11. c3 e5 12. f5 b6 13. Ng3 Ba6 14. Bf1 dxc3 15. bxc3
O-O-O 16. Rh2 c4 17. Qa4 Na5 18. Nh5 Rhg8 19. Bd2 cxd3 20. c4 Qb7 21. c5 Nc4
22. c6 Na5 1-0

[Event "Tradewise Gibraltar ChallWk2"]
[Site "Gibraltar"]
[Date "2018.01.30"]
[Round "4.31"]
[White "Khoo-Thwe, Louis"]
[Black "Gagare, Shalmali"]
[Result "0-1"]
[WhiteElo "1724"]
[BlackElo "2001"]
[PlyCount "54"]
[EventDate "2018.01.27"]
[EventType "swiss"]
[EventRounds "5"]
[EventCountry "GGB"]

1. e4 c5 2. Nf3 Nc6 3. Bb5 d6 4. d4 cxd4 5. Qxd4 Bd7 6. Qc4 Rc8 7. Qb3 Nf6 8.
Nc3 a6 9. Bxc6 Bxc6 10. Bg5 Nxe4 11. Nxe4 Bxe4 12. O-O-O Rxc2+ 13. Qxc2 Bxc2
14. Kxc2 f6 15. Bf4 e5 16. Rhe1 Be7 17. Bd2 O-O 18. Bc3 d5 19. Rd2 d4 20. Kb1
Qc7 21. Bxd4 exd4 22. Rxd4 Rc8 23. a3 Kf7 24. Rde4 Bf8 25. Ka2 Qc6 26. Nd4 Qd5+
27. Kb1 Rc4 0-1

[Event "Tradewise Gibraltar ChallWk2"]
[Site "Gibraltar"]
[Date "2018.01.30"]
[Round "4.32"]
[White "Panday, Sohrab"]
[Black "O'Neil, Jim"]
[Result "0-1"]
[WhiteElo "1938"]
[BlackElo "1904"]
[PlyCount "37"]
[EventDate "2018.01.27"]
[EventType "swiss"]
[EventRounds "5"]
[EventCountry "GGB"]

1. d4 Nf6 2. Bf4 c5 3. e3 Qb6 4. Nc3 Qxb2 5. Nb5 Nd5 6. Rb1 Qxa2 7. Bxb8 Qa5+
8. c3 Rxb8 9. dxc5 a6 10. Qxd5 axb5 11. Qe5 Ra8 12. Bd3 b6 13. Rxb5 Qa3 14. Ne2
bxc5 15. O-O d6 16. Qe4 g6 17. Rfb1 Qa7 18. Qc6+ Bd7 19. Qxa8+ 0-1

[Event "Tradewise Gibraltar ChallWk2"]
[Site "Gibraltar"]
[Date "2018.01.30"]
[Round "4.33"]
[White "Broekman, Willem"]
[Black "Ansari, Athar"]
[Result "1-0"]
[WhiteElo "2006"]
[BlackElo "1919"]
[PlyCount "63"]
[EventDate "2018.01.27"]
[EventType "swiss"]
[EventRounds "5"]
[EventCountry "GGB"]

1. d4 Nf6 2. c4 e6 3. Nc3 Bb4 4. Qc2 b6 5. a3 Be7 6. e4 O-O 7. Bd3 h6 8. Nge2
Ba6 9. O-O d6 10. f3 e5 11. d5 c5 12. dxc6 Nxc6 13. Be3 Ne8 14. Rfd1 Bg5 15.
Bf2 Nc7 16. c5 Nd4 17. Nxd4 exd4 18. Bxd4 Ne6 19. Bf2 Bxd3 20. Rxd3 bxc5 21.
Nb5 Qb6 22. Nxd6 Nd4 23. Bxd4 cxd4 24. Nc4 Rac8 25. b3 a5 26. a4 Be3+ 27. Kf1
Qb8 28. g3 f5 29. exf5 Rxf5 30. Rxe3 dxe3 31. Qxf5 Rxc4 32. Qe6+ 1-0

[Event "Tradewise Gibraltar ChallWk2"]
[Site "Gibraltar"]
[Date "2018.01.30"]
[Round "4.34"]
[White "Matthews, Adrian M S"]
[Black "Hendrix, Joachim"]
[Result "0-1"]
[WhiteElo "1839"]
[BlackElo "1960"]
[PlyCount "56"]
[EventDate "2018.01.27"]
[EventType "swiss"]
[EventRounds "5"]
[EventCountry "GGB"]

1. e4 g6 2. d4 Bg7 3. Nc3 d6 4. Be3 a6 5. Nf3 b5 6. Bd3 Bb7 7. a3 Nd7 8. Ne2
Ngf6 9. Ng3 c5 10. c3 Rc8 11. h4 h5 12. O-O O-O 13. Nh2 cxd4 14. cxd4 Nb6 15.
Qe2 Nc4 16. Rac1 Nxe3 17. fxe3 Bh6 18. Rcd1 Qd7 19. Rxf6 exf6 20. Nxh5 gxh5 21.
Qxh5 Bxe3+ 22. Kh1 Kg7 23. e5 Rh8 24. exf6+ Kg8 25. Qe2 Qh3 26. Bf5 Qxf5 27.
Qxe3 Rxh4 28. Qg3+ Qg6 0-1